Welcome to the Holygrace Academy Library

Please use search bar below to get started

WORLD FAMOUS SCIENTISTS (Record no. 6360)

MARC details
000 -LEADER
fixed length control field 00278nam a22001217a 4500
082 ## - DEWEY DECIMAL CLASSIFICATION NUMBER
Classification number 920
Item number RAM/W
100 ## - MAIN ENTRY--AUTHOR NAME
Personal name RAMESH,B.G
245 ## - TITLE STATEMENT
Title WORLD FAMOUS SCIENTISTS
260 ## - PUBLICATION, DISTRIBUTION, ETC. (IMPRINT)
Place of publication BANGALORE
Name of publisher GANESH PUBLICATIONS
300 ## - PHYSICAL DESCRIPTION
Number of Pages 128
650 ## - SUBJECT ADDED ENTRY--TOPICAL TERM
Topical Term FAMOUS SCIENTISTS
Geographic subdivision KARNATAKA
942 ## - ADDED ENTRY ELEMENTS (KOHA)
Koha item type Books
Holdings
Withdrawn status Lost status Collection code Home library Current library Shelving location Date acquired Source of acquisition Full call number Accession Number Koha item type
    Reference Main Library Main Library SHELF-17-L-BIOGRAPHIES & AUTOBIOGRAPHIES 18/05/2017 PURCHASE 920 RAM/W 07846 Books
    Reference Main Library Main Library SHELF-17-L-BIOGRAPHIES & AUTOBIOGRAPHIES 25/10/2021 PURCHASE 920 RAM/W 12447 Books
    Reference Main Library Main Library SHELF-17-L-BIOGRAPHIES & AUTOBIOGRAPHIES 14/05/2015 PURCHASE 920 RAM/W 09672 Books